Станции метро Зеленой линии Санкт-Петербурга - Statistics

General Stats
  • This quiz has been taken 32 times
  • The average score is 10 of 12
Answer Stats
Название % Correct
Рыбацкое
97%
Зенит
93%
Приморская
90%
Василеостровская
90%
Маяковская
90%
Елизаровская
90%
Гостиный двор
87%
Ломоносовская
87%
Беговая
83%
Площадь Александра Невского
80%
Пролетарская
77%
Обухово
77%
No matching quizzes found
Score Distribution
Percent of People with Each Score
Percentile by Number Answered
Your Score History
You have not taken this quiz